000 01224njm a2200325Ia 4500
001 23884
003 IT-RoPAU
005 20220918181153.0
008 131025s9999 xx 000 0 und d
040 _aIT-RoPAU
040 _cIT-RoPAU
999 _c102299
_d102299
999 _bn.d.
100 _aAA.VV.
_9794
100 _eAutore musica
_96958
100 _gCodice autore musica SPICS: 12000
_9796
245 _aSoul of Spain (The), vol.2 (Lp Ss 556)
250 _a1a ed.
260 _aMILANO
260 _bBLUEBELL RECORDS
300 _aDISCO
500 _aMusica folk spagnola.
505 _aGranada - El relicario - Cantina toreros - The Breeze and I - Matador - Le Cid - Valencia
511 _aBallet Espanole Featuring Manuel Dias
650 _aFOLK [DISCHI]
_eCodice MATERIA SPICS: 9950
_91209
700 _aLara Augustin
_dCodice autore musica SPICS: 14008
_eAutore musica
_pGranada
_96959
700 _aKuhn
_dCodice autore musica SPICS: 14009
_eAutore musica
_pEl relicario - Cantina toreros - Matador - Le Cid
_96960
700 _aLecuona M.
_dCodice autore musica SPICS: 14010
_eAutore musica
_pThe Breeze and I
_96961
700 _aPadilla
_dCodice autore musica SPICS: 14011
_eAutore musica
_pValencia
_96962
942 _cMD
_2ddc